000 00635nam a2200181 i 4500
001 86889
003 ES-MaACL
005 20230906175538.0
007 t|
008 041216s1959 sp ||||1| spa d
100 1 _aKirschbaum, Engelbert.
_968137
245 1 4 _aLas tumbas de los apóstoles /
_cEngelbert Kirschbaum ; traducido del alemán por Ingeborg von Raabl y Florencio Subias.
260 _aBarcelona :
_bArgos,
_c[1959] (
_fComercial y artes gráficas)
300 _a286 p., 40 lám. :
_bil. ;
_c23 cm.
700 1 _aRaabl, Ingeborg von.
_994825
700 1 _aSubias, Florencio.
_9108682
852 _aES-MaACL
_jC-16891
_bR.45223
999 _c86889
_d86889